[Event "IECC CL2-2021.01 email"]
[Site "IECC email"]
[Date "2021.11.16"]
[Round "?"]
[White "Pernigotti, Angel Nicolas"]
[Black "Cruz, Eliecer"]
[Result "1-0"]
[WhiteElo "2013"]
[BlackElo "1969"]
[PlyCount "51"]
[EventDate "2021.??.??"]
[EventType "tourn (corr)"]
[EventRounds "4"]
[SourceTitle "Corr 2024"]
[Source "ChessBase"]
[SourceDate "2023.10.19"]
[SourceVersion "1"]
[SourceVersionDate "2023.10.19"]
[SourceQuality "1"]
[WhiteTeam "Argentinien"]
[BlackTeam "Kuba"]
[WhiteTeamCountry "ARG"]
[BlackTeamCountry "CUB"]

1. d4 d5 2. Nf3 Nf6 3. c4 e6 4. Nc3 c6 5. e3 Nbd7 6. Qc2 Be7 7. b3 0-0 8. Bd3 b6 9. 0-0 Bb7 10. Bb2 h6 11. Rad1 Qc7 12. Qe2 Rac8 13. Ne5 Nxe5 14. dxe5 Nd7 15. f4 Nc5 16. Bc2 Ba6 17. Rf3 Rfd8 18. Rd4 dxc4 19. bxc4 Rd7 20. Rg3 f5 21. Qh5 Kh8 22. Ne2 Bf8 23. Rg6 Rxd4 24. Nxd4 Qd7 25. g4 fxg4 26. f5 1-0